| 000 | 00464cam a2200157 4500500 | ||
|---|---|---|---|
| 005 | 20251012032454.0 | ||
| 041 | _afre | ||
| 042 | _adc | ||
| 100 | 1 | 0 |
_aCouto, Ribeiro _eauthor |
| 700 | 1 | 0 |
_a Le Moing, Monique _eauthor |
| 245 | 0 | 0 | _aLe Chevalier de la nuit |
| 260 | _c2000. | ||
| 500 | _a10 | ||
| 786 | 0 | _nSigila | 5 | 1 | 2000-06-20 | p. 175-175 | 1286-1715 | |
| 856 | 4 | 1 | _uhttps://shs.cairn.info/revue-sigila-2000-1-page-175?lang=fr&redirect-ssocas=7080 |
| 999 |
_c1547345 _d1547345 |
||